000 00981nam a22002657i 4500
003 EG-ScBUE
005 20260423090251.0
008 110913s2001 ua a frb 00| 0 ara dd
017 _a2001 / 13525
020 _a977070931X
040 _aEG-ScBUE
_bara
_erda
_cEG-ScBUE
_dEG-ScBUE
082 0 4 _a551.48362
_bس ع ي
_222
100 1 _927161
_aسعيد، رشد،
_eمؤلف.
245 1 0 _aنهر النيل :
_bنشأته واستخدام مياهه في الماضي والمستقبل /
_cدكتور رشدي سعيد.
250 _aالطبعة الثانية.
264 1 _a[القاهرة] :
_bدار الهلال،
_c2001.
300 _a342 صفحة :
_bإيضاحيات ؛
_c30 سم
336 _2rdacontent
_aنص
_btxt
337 _aبدون وسيط
_2rdamedia
_bn
338 _aمجلد
_bnc
_2rdacarrier
504 _aيشتمل على إرجاعات ببليوجرافية.
650 7 _923856
_aنهر النيل.
_2BUEsh
655 _vReading book
942 _2ddc
_cBB
999 _c16017
_d16017